000 00792nam0a22002411 4500
001 rc\2751291
005 20250529144940.0
035 _a(NLR Aleph) 006878191
090 _a7019184
_c7019184
100 _a20110915d1939 |||y0rusy50 ca
101 0 _arus
102 _aRU
105 _aac z |||||
200 1 _aОрденоносцы Кунцевской фабрики
_fС. С. Гарин
210 _aМосква
_aЛенинград
_cБ. и.
_cГизлегпром
_d1939
_eСерпухов
215 _a20 с.
_cил., портр.
_d22 см.
225 1 _aОрденоносцы текстильщики
700 1 _aГарин
_bС.С.
_gСемен Семенович
801 0 _aRU
_bNLR
_gpsbo
801 1 _aRU
_bELAR
_2rusmarc
852 _aNLR
_j39-11/2373
942 _cBOOK
980 _aNB